000 00222 a2200109 4500
020 _a7706894301799
041 _aspa
100 _aRoman Celso
245 _aValores Guia para padres y maestros
942 _cBK
952 _71
999 _c25576
_d25576